Ethnic marketing : (Record no. 5670)
[ view plain ]
| 000 -LEADER | |
|---|---|
| fixed length control field | 00689cam a22002172 4500 |
| 001 - CONTROL NUMBER | |
| control field | 0000002153 |
| 005 - DATE AND TIME OF LATEST TRANSACTION | |
| control field | 20151217151841.0 |
| 008 - FIXED-LENGTH DATA ELEMENTS--GENERAL INFORMATION | |
| fixed length control field | 070403s xx 000 0 eng d |
| 020 ## - INTERNATIONAL STANDARD BOOK NUMBER | |
| International Standard Book Number | 1861529961 : |
| Terms of availability | KES 4,499 |
| 040 ## - CATALOGING SOURCE | |
| Original cataloging agency | KABU |
| Transcribing agency | KABU |
| 050 #0 - LIBRARY OF CONGRESS CALL NUMBER | |
| Classification number | HF5414 |
| Item number | .P57 |
| 100 1# - MAIN ENTRY--PERSONAL NAME | |
| Personal name | Pires, Guilherme D. |
| -- | 0000151408 |
| 245 10 - TITLE STATEMENT | |
| Title | Ethnic marketing : |
| Remainder of title | accepting the challenge of cultural diversity / |
| Statement of responsibility, etc. | Guilherme D. Pires and P. John Stanton. |
| 260 ## - PUBLICATION, DISTRIBUTION, ETC. (IMPRINT) | |
| Place of publication, distribution, etc. | London : |
| Name of publisher, distributor, etc. | Thomson, |
| Date of publication, distribution, etc. | 2005. |
| 300 ## - PHYSICAL DESCRIPTION | |
| Extent | xiv, 274 p. |
| 650 #0 - SUBJECT ADDED ENTRY--TOPICAL TERM | |
| Topical term or geographic name as entry element | Social marketing. |
| -- | 0000151409 |
| 700 1# - ADDED ENTRY--PERSONAL NAME | |
| Personal name | Stanton, P. John. |
| -- | 0000151410 |
| 908 ## - PUT COMMAND PARAMETER (RLIN) | |
| Put command parameter | 070403 |
| 950 ## - LOCAL HOLDINGS (RLIN) | |
| -- | 1 |
| Withdrawn status | Lost status | Source of classification or shelving scheme | Not for loan | Home library | Current library | Date acquired | Total Checkouts | Full call number | Barcode | Date last seen | Date last checked out | Price effective from | Koha item type |
|---|---|---|---|---|---|---|---|---|---|---|---|---|---|
| Library of Congress Classification | Kabarak, Main Campus | Kabarak, Main Campus | 17/12/2015 | 1 | HF5414 .P57 c.1 | 001767 | 14/10/2016 | 15/07/2016 | 17/12/2015 | General Collection |